000 01228cam a2200217 4500
001 7163
005 20181127183038.0
008 020311s2002 enk b 001 0 eng
010 _a 2002022975
020 _a0826459897 (hardback)
020 _a0826459900 (pbk.)
082 0 0 _a306/.07
_221
100 1 _aHall, Gary,
_d1962-
245 1 0 _aCulture in bits :
_bthe monstrous future of theory /
_cGary Hall.
260 _aLondon ;
_aNew York :
_bContinuum,
_c2002.
300 _axi, 164 p. ;
_c24 cm.
504 _aIncludes bibliographical references and index.
505 _aPreface / 1. Some Frequently Asked Questions / 2. 'It's a Thin Line Between Love and Hate' Why Cultural Studies is So 'Naff' / 3. 'Something Else Besides' The Third Way of Angela McRobbie / 4. The Monstrous Future of Cultural Studies / 5. Beyond Marxism and Psychoanalysis / 6. www.culturalstudies.ac.uk
_g
_r
_t
520 _aWhere is cultural studies today? It seems to have lost its way somewhere between today's preoccupation with the empirical and the theory revolutions of the 1980s and 90s. This book assesses the work of key theorists across the history of cultural studies and looks to the future.
650 0 _aCulture
_xStudy and teaching.
999 _c6089
_d6089